MARC

LEADER 00000nab a2200000u 4500
001 vtls012085240
003 SK-MaSNL
005 20260304175857.0
008 220128|2022 xo ||||||| ||00 ||slo|
038 |a KEVKJB 
040 |a KEVKJB  |b slo  |e rda 
041 0 |a slo 
043 |a e-xo--- 
044 |a xo  |c SK 
072 7 |a 93/94  |x Dejiny (všeobecne)  |2 konspekt 
080 |a 93/94-027.541  |2 2011 
100 1 |a Ondrejšík, Tomáš,  |d 1986-  |4 aut  |9 364203 
245 1 0 |a Starodávne zvesti z košických novín  |b zaujímavosti z dobovej tlače  |c Tomáš Ondrejšík 
300 |b Fotografie 
336 |a text  |b txt  |2 rdacontent 
337 |a bez média  |b n  |2 rdamedia 
338 |a zväzok  |b nc  |2 rdacarrier 
600 1 7 |a Frankenstein, Otakar,  |d n. 1885  |2 kevkjb  |9 1243177 
648 7 |a 1922  |2 kevkjb  |9 308944 
650 0 7 |a dobová tlač  |2 kevkjb  |9 835693 
650 0 7 |a dobové fotografie  |2 kevkjb  |9 873477 
650 0 7 |a regionálne dejiny  |2 SNKPH  |9 63645 
650 0 7 |a hasiči  |2 SNKPH  |9 1505 
650 0 7 |a pôrodnice  |2 SNKPH  |9 21976 
650 0 7 |a lekári  |2 SNKPH  |9 3195 
651 7 |a Košice (Slovensko)  |2 SNKPHgeo  |9 18694 
651 7 |a Košická Nová Ves (Košice III, Slovensko)  |2 SNKPHgeo  |9 29677 
773 0 |t Košický večer  |g Roč. 55, č. 3 (2022), s. 10  |x 1336-5320 
852 |a KEVKJB  |b KIS3GCP 
856 4 1 |u https://kosice.korzar.sme.sk/c/22822681/namiesto-hokeja-zapas-s-cakanmi-a-sneznymi-lopatami-zvitazili-policajne-pelendreky.html#storm_gallery_199649 
958 |a ZD 
999 |c 3015570  |d 3017500